000 01118nam a2200289 i 4500
001 bg
100 1 _aŁebkowska, Maria
_d(1942- ).
245 1 0 _aToksykologia środowiska :
_bćwiczenia laboratoryjne : praca zbiorowa /
_cpod red. Marii Łebkowskiej ; Maria Łebkowska, Monika Załęska-Radziwiłł, Bożena Słomczyńska.
250 _aWyd. 2.
260 _aWarszawa :
_bOficyna Wydawnicza Politechniki Warszawskiej,
_c2004.
300 _a71 s. :
_bil. ;
_c23 cm.
504 _aBibliogr. s. 71.
650 9 _aChemikalia
_xwpływ na środowisko
650 9 _aToksykologia
655 _aĆwiczenia i zadania dla szkół wyższych
700 1 _aZałęska-Radziwiłł, Monika.
700 1 _aSłomczyńska, Bożena.
020 _a8372071020
040 _cBPK
041 _apol
044 _aPOL
080 _a615.9:614.87:543/544:504.5](075.8)(076)
920 _a83-7207-102-0
942 _cKS
008 s pl f |000 0 pol
999 _c55803
_d55803
856 _uhttp://koha.tu.koszalin.pl/cgi-bin/koha/opac-detail.pl?biblionumber=55803
_yKatalog online BPK